| 000 | 00366 a2200133 4500 | ||
|---|---|---|---|
| 999 |
_c325235 _d325235 |
||
| 001 | 90162 | ||
| 003 | NUST | ||
| 082 | _a891.4393 HAD | ||
| 100 |
_aHadi Mirza Muhammad _99791 |
||
| 245 |
_aMajmo'a Mirza Muhammad Hadi _cMirza Muhammad Hadi _hUrdu |
||
| 260 |
_aLahore _bSang-e-Meel Publications _c2000 |
||
| 300 | _a624p. | ||
| 500 | _aGeneral Collection | ||
| 942 |
_aCAE NUST _cBK _k891.4393 HAD _2ddc |
||